| 000 | 00428nam a2200169Ia 4500 | ||
|---|---|---|---|
| 008 | 221030s9999 xx 000 0 und d | ||
| 020 | _a9789353160777 | ||
| 041 | _aEnglish | ||
| 100 | _aV. A. Zeithaml | ||
| 245 | 0 |
_aServices Marketing 7th Ed. _cby V. A. Zeithaml, M. J. Bitner |
|
| 250 | _a7th | ||
| 260 |
_bMc Graw Hill _aChennai _c2022 |
||
| 300 | _a582 | ||
| 650 | _aManagement | ||
| 700 | _aM. J. Bitner | ||
| 942 | _cBK | ||
| 999 |
_c19103 _d19103 |
||